| 000 | 00859nas a2200277 i 4500 | ||
|---|---|---|---|
| 001 | 2156 | ||
| 003 | ES-MaACL | ||
| 005 | 20250805062558.0 | ||
| 007 | t| | ||
| 008 | 950801d18941935it | | 1 ||ta d | ||
| 022 | _a1594-7769 | ||
| 245 | 0 | 3 |
_aLa Riforma sociale / _cdir. Francesco S. Nitti e Luigi Roux. |
| 260 |
_aTorino : _bRoux Frassati, _c1894-1935. |
||
| 300 |
_a17 v. ; _c25 cm. |
||
| 310 | _aMensual | ||
| 321 |
_aQuincenal, _b1894-96 |
||
| 362 | 0 | _aAño I, v. I (mar. 1894)-(1935) | |
| 500 | _aNo figura el v. XVIII, no obstante los años siguen correlativos. | ||
| 650 | 7 |
_aSociología _2embne _917195 |
|
| 700 | 1 |
_aNitti, Francesco Saverio ( _d1868-1953) _9130500 |
|
| 700 | 1 |
_aRoux, Luigi, _edir. _9194408 |
|
| 700 | 1 |
_aEinaudi, Luigi, _edir. _9126921 |
|
| 852 |
_aES-MaACL _jHem-338 |
||
| 866 | 0 | _o1896-1911. | |
| 999 |
_c2156 _d2156 |
||